Filozófiai szövegek fordítási kérdései
Elmentve itt :
| Szerző: | |
|---|---|
| Dokumentumtípus: | Cikk |
| Megjelent: |
1993
|
| Sorozat: | Szemiotikai szövegtan
|
| Kulcsszavak: | Fordítás elmélet, Filozófia története |
| Online Access: | http://acta.bibl.u-szeged.hu/35516 |
| LEADER | 00622nab a2200181 i 4500 | ||
|---|---|---|---|
| 001 | acta35516 | ||
| 005 | 20210722121248.0 | ||
| 008 | 161017s1993 hu o 0|| hun d | ||
| 022 | |a 0865-5960 | ||
| 040 | |a SZTE Egyetemi Kiadványok Repozitórium |b hun | ||
| 041 | |a hun | ||
| 100 | 1 | |a Albert Sándor | |
| 245 | 1 | 0 | |a Filozófiai szövegek fordítási kérdései |h [elektronikus dokumentum] / |c Albert Sándor |
| 260 | |c 1993 | ||
| 300 | |a 145-156 | ||
| 490 | 0 | |a Szemiotikai szövegtan | |
| 695 | |a Fordítás elmélet, Filozófia története | ||
| 856 | 4 | 0 | |u http://acta.bibl.u-szeged.hu/35516/1/szemiotikai_006_145-156.pdf |z Dokumentum-elérés |